| 000 | 00437nam a22001697a 4500 | ||
|---|---|---|---|
| 003 | SGT | ||
| 020 | _a9788184736960 | ||
| 082 |
_a612.015 _bF12S |
||
| 100 | _aSHANMUGAM, AMBIKA | ||
| 245 | _aFUNDAMENTAL OF BIOCHEMISTRY FOR MEDICAL STUDENTS | ||
| 250 | _a7TH | ||
| 260 |
_aINDIA _bWOLTERS KLUWER _c2012 |
||
| 300 | _a783 | ||
| 650 | _aBIOCHEMISTRY | ||
| 653 | _aFUNDAMENTAL OF BIOCHEMISTRY FOR MEDICAL STUDENTS | ||
| 942 |
_2ddc _cBK |
||
| 999 |
_c26331 _d26331 |
||